00775nam a2200217Ia 4500008004100000020001800041082001600059100001700075245002600092250000600118260002900124300001700153500002400170650001000194700001700204942000700221952009600228952009600324952012000420999001700540230524s9999 xx 000 0 und d a9788126530038 a551.49bTOD aDavid K.Todd 0aGroundwater Hydrology a3 aNew DelhibJ.wileyc2015 a"xvii,625p;" aQuantity Number: 3 aCivil aLarry W.Mays cBK 00104070aTATCLbTATCLcGENd2023-05-24l0o551.49 TODp52978r2023-05-24w2023-05-24yBK 00104070aTATCLbTATCLcGENd2023-05-24l0o551.49 TODp55454r2023-05-24w2023-05-24yBK 00104070aTATCLbTATCLcGENd2023-05-24l1o551.49 TODp55455q2024-05-09r2024-01-25s2024-01-25w2023-05-24yBK c55759d55759